000 01202nam a2200313 i 4500
003 EG-GICUC
005 20260121101220.0
008 251113s1999 ua ||||fr|||| 00| 0 ara d
040 _a EG-GICUC
_bara
_c EG-GICUC
_d EG-GICUC
_erda
041 0 _aara
082 0 4 _221
_a345
_bا ب . و
092 0 4 _221
099 _aLaw1 07 345 ا ب . و 1999
100 0 _aابراهيم عبدالعزيز شيحا
_eمؤلف.
245 1 2 _aالوسيط في مبادئ وأحكام القانون الإداري /
_cدكتور ابراهيم عبدالعزيز شيحا.
264 _aالاسكندرية :
_bدار المطبوعات الجامعية،
_c1999.
300 _a463 صفحة ؛
_c24 سم.
336 _2rda content
_atext
337 _2rda media
_aComputer
338 _2rda carrier
_aOnline Resource
504 _aيشتمل على إرجاعات ببليوجرافية.
546 _aالنص باللغة العربية
650 1 4 _aالمبادئ العامة للقانون الإداري
_2qrmak
650 1 4 _aالمركزية الإدارية
651 1 _2qrmak
856 4 0 _uhttps://fll.law.cu.edu.eg/fulltext/bks/B07-00568.pdf
905 _a65
942 _2ddc
_cBK
_e21
_n0
999 _c43208
_d43208